000 00425nam a2200169Ia 4500
001 5093
003 IN-NITTTR
005 20251114233006.0
008 251113s9999||||xx |||||||||||||| ||eng||
040 _beng
040 _cIN-NITTTR
041 _aeng
082 _a510.024621381 P284T
100 _aPaull, Stephen
245 0 _aTopics in advanced mathematics for electronics technology. /
_cPaull, Stephen
942 _2ddc
_cBK
999 _c7729
_d7729